Countries where the capital is not the largest city - Statistics

General Stats
  • This quiz has been taken 27 times
  • The average score is 19 of 38
Answer Stats
Answer % Correct
Brazil
95%
Australia
91%
Canada
91%
USA
91%
India
86%
China
82%
New Zealand
82%
Pakistan
82%
Turkey
77%
Nigeria
73%
Ecuador
68%
Morocco
68%
Myanmar
68%
South Africa
68%
Vietnam
68%
Kazakhstan
64%
Bolivia
55%
Tanzania
55%
UAE
55%
Sri Lanka
50%
Liechtenstein
45%
San Marino
41%
Belgium
36%
Belize
36%
Cameroon
32%
Ivory Coast
32%
Malta
32%
Philippines
32%
Benin
27%
Burundi
27%
Syria
27%
Palau
18%
Trinidad and Tobago
14%
Gambia
9%
Micronesia
9%
Equatorial Guinea
5%
Eswatini
5%
Swizerland
5%
No matching quizzes found
Score Distribution
Percent of People with Each Score
Percentile by Number Answered
Your Score History
You have not taken this quiz